Reseña de los trabajos de la Universidad desde 1855 hasta el presente
Enregistré dans:
| Auteur principal: | |
|---|---|
| Format: | Livre |
| Langue: | espagnol |
| Publié: |
Santiago
Imprenta Nacional, calle de la Moneda, 46
1872
|
| Édition: | 1a. ed |
| Sujets: | |
| Tags: |
Ajouter un tag
Pas de tags, Soyez le premier à ajouter un tag!
|
MARC
| LEADER | 00000nam a2200000 a 4500 | ||
|---|---|---|---|
| 001 | UCJ8386 | ||
| 003 | CL-VaPUC | ||
| 008 | 070124e18720000CL |||||||||||||||||spa|d | ||
| 082 | 0 | 4 | |a 983 |b DOM |2 21 |
| 100 | |a Domeyko, Ignacio |e author |9 326006 | ||
| 245 | 1 | 0 | |a Reseña de los trabajos de la Universidad desde 1855 hasta el presente |
| 246 | 1 | 0 | |a Memoria presentada al Consejo de la Universidad en Sesión de 4 de octubre de 1872 por el señor Rector, don Ignacio Domeyko |
| 250 | |a 1a. ed | ||
| 300 | |a 107 p | ||
| 942 | |c BK | ||
| 945 | |d 20070124 00:00:00 |a rinostro | ||
| 260 | |a Santiago |b Imprenta Nacional, calle de la Moneda, 46 |c 1872 | ||
| 600 | 0 | |a Universidad de Chile |9 257231 | |
| 600 | 0 | |a Domeyko, Ignacio |9 326006 | |
| 650 | 0 | |a Historia de Chile |9 265473 | |
| 650 | 0 | |a Universidades chilenas |9 407335 | |
| 650 | 0 | |a Anales |9 440070 | |
| 583 | |a last modification |c 20070124 00:00:00 |k Rodrigo Vera | ||
| 999 | |c 324131 |d 324129 | ||
| 952 | |0 0 |1 0 |4 0 |6 983_000000000000000_DOM_1872 |7 0 |8 X |9 404068 |a FDOBUD |b FDOBUD |d 2019-11-22 |i 1077287 |o 983 DOM 1872 |p 1077287 |r 2019-11-22 |w 2019-11-22 |y BK_X |k BUD | ||